Normal view
MARC view
- Mujeres con discapacidad
Entry Materia
001 - NÚMERO DE CONTROL DEL REGISTRO
- campo de control: 45187
003 - IDENTIFICADOR DE NUMERO DE CONTROL
- campo de control: UPN
005 - FECHA Y HORA DE LA ÚLTIMA TRANSACCIÓN
- campo de control: 20220630110903.0
008 - DATOS DE LONGITUD FIJA
- campo de control de longitud fija: 220630dn fzznnbabd | ana d
040 ## - FUENTE DE LA CATALOGACIÓN
- Centro catalogador de origen: MX-MxUPN
046 ## - FECHAS CON CODIFICACIÓN ESPECIAL
- Fecha final para contenidos agregados: 2022
150 ## - ENCABEZAMIENTO - TEMÁTICO
- Término de materia o nombre geográfico como elemento inicial: Mujeres con discapacidad
- Subdivisión geográfica: América Latina
670 ## - FUENTE EN LA QUE SE LOCALIZARON DATOS
- Cita de la fuente: Autoridades BGTQ, 30-06-2022:
- Información localizada: (Encabezamiento: Mujeres con discapacidad)
670 ## - FUENTE EN LA QUE SE LOCALIZARON DATOS
- Cita de la fuente: Autoridades BGTQ, 30-06-2022:
- Información localizada: (Nombre geográfico: América Latina)
902 ## - CATALOGADOR
- Catalogador: VAGG/300622
